Encyclopedia of Scientific and Technical Terms.Vol 13 Technical Terms. (Record no. 61200)
[ view plain ]
| 000 -LEADER | |
|---|---|
| fixed length control field | 00662nam a22001937a 4500 |
| 003 - CONTROL NUMBER IDENTIFIER | |
| control field | NUST-PNEC |
| 005 - DATE AND TIME OF LATEST TRANSACTION | |
| control field | 20170116180717.0 |
| 008 - FIXED-LENGTH DATA ELEMENTS--GENERAL INFORMATION | |
| fixed length control field | 141021b xxu||||| |||| 00| 0 eng d |
| 020 ## - INTERNATIONAL STANDARD BOOK NUMBER | |
| International Standard Book Number | 8170410444 |
| 040 ## - CATALOGING SOURCE | |
| Transcribing agency | PNEC |
| 082 ## - DEWEY DECIMAL CLASSIFICATION NUMBER | |
| Classification number | 503 CHH |
| 100 ## - MAIN ENTRY--PERSONAL NAME | |
| 9 (RLIN) | 718 |
| Personal name | Chhatwal G R |
| 245 ## - TITLE STATEMENT | |
| Title | Encyclopedia of Scientific and Technical Terms.Vol 13 Technical Terms. |
| Statement of responsibility, etc. | G R Chhatwal |
| 260 ## - PUBLICATION, DISTRIBUTION, ETC. | |
| Place of publication, distribution, etc. | New Delhi |
| Name of publisher, distributor, etc. | Anmol Publications ENC |
| Date of publication, distribution, etc. | c.1989. |
| 300 ## - PHYSICAL DESCRIPTION | |
| Extent | vi, 352 p. |
| Dimensions | 22 cm. |
| 500 ## - GENERAL NOTE | |
| General note | https://www.worldcat.org/title/encyclopedia-of-scientific-and-technical-terms-vol-13-technical-terms/oclc/727034076&referer=brief_results |
| 650 ## - SUBJECT ADDED ENTRY--TOPICAL TERM | |
| General subdivision | General |
| 942 ## - ADDED ENTRY ELEMENTS (KOHA) | |
| Source of classification or shelving scheme | |
| Koha item type | Book |
| Withdrawn status | Lost status | Source of classification or shelving scheme | Damaged status | Not for loan | Permanent Location | Current Location | Shelving location | Date acquired | Source of acquisition | Cost, normal purchase price | Total Checkouts | Full call number | Barcode | Date last seen | Cost, replacement price | Price effective from | Koha item type |
|---|---|---|---|---|---|---|---|---|---|---|---|---|---|---|---|---|---|
| Pakistan Navy Engineering College (PNEC) | Pakistan Navy Engineering College (PNEC) | Reference | 03/25/1992 | Pak Book Corporation | 2310.00 | 503 CHH | PNECLIB-016173 | 10/21/2014 | 2310.00 | 03/25/1992 | Book |
